Economic market design and planning for electric power systems / (Record no. 126201)
[ view plain ]
| 000 -LEADER | |
|---|---|
| fixed length control field | 00920cam a2200277 a 4500 |
| 008 - FIXED-LENGTH DATA ELEMENTS--GENERAL INFORMATION | |
| fixed length control field | |
| 020 ## - INTERNATIONAL STANDARD BOOK NUMBER | |
| International Standard Book Number | 9780470472088 (hbk.) |
| 049 ## - LOCAL HOLDINGS (OCLC) | |
| Holding library | MAIN |
| 090 ## - LOCALLY ASSIGNED LC-TYPE CALL NUMBER (OCLC); LOCAL CALL NUMBER (RLIN) | |
| Classification number (OCLC) (R) ; Classification number, CALL (RLIN) (NR) | TK1005 |
| Local cutter number (OCLC) ; Book number/undivided call number, CALL (RLIN) | ECO |
| 003 - CONTROL NUMBER IDENTIFIER | |
| control field | |
| 005 - DATE AND TIME OF LATEST TRANSACTION | |
| control field | 20230123122015.0 |
| 040 ## - CATALOGING SOURCE | |
| Transcribing agency | NUST |
| 245 00 - TITLE STATEMENT | |
| Title | Economic market design and planning for electric power systems / |
| Statement of responsibility, etc. | edited by James Momoh and Lamine Mili. |
| 260 ## - PUBLICATION, DISTRIBUTION, ETC. | |
| Place of publication, distribution, etc. | Hoboken : |
| Name of publisher, distributor, etc. | Wiley, |
| Date of publication, distribution, etc. | c2010. |
| 300 ## - PHYSICAL DESCRIPTION | |
| Extent | xvi, 292 p. : |
| Other physical details | ill. ; |
| Dimensions | 25 cm. |
| 490 1# - SERIES STATEMENT | |
| Series statement | IEEE Press series on power engineering. |
| 500 ## - GENERAL NOTE | |
| General note | Includes index. |
| 504 ## - BIBLIOGRAPHY, ETC. NOTE | |
| Bibliography, etc. note | Includes bibliographical references. |
| 650 #0 - SUBJECT ADDED ENTRY--TOPICAL TERM | |
| Topical term or geographic name entry element | Electric power systems |
| General subdivision | Planning. |
| 650 #0 - SUBJECT ADDED ENTRY--TOPICAL TERM | |
| Topical term or geographic name entry element | Electric power systems |
| General subdivision | Costs |
| -- | Econometric models. |
| 650 #0 - SUBJECT ADDED ENTRY--TOPICAL TERM | |
| Topical term or geographic name entry element | Electric utilities |
| General subdivision | Marketing. |
| 700 1# - ADDED ENTRY--PERSONAL NAME | |
| Personal name | Momoh, James A. |
| 700 1# - ADDED ENTRY--PERSONAL NAME | |
| Personal name | Mili, Lamine. |
| 907 ## - LOCAL DATA ELEMENT G, LDG (RLIN) | |
| a | .b10332601 |
| b | 14-06-13 |
| c | 07-06-13 |
| 942 ## - ADDED ENTRY ELEMENTS (KOHA) | |
| Koha item type | Ordinary Loan Books |
| Call number prefix | TK1005 |
| Call number suffix | ECO |
| Date last seen | Total Checkouts | Full call number | Barcode | Cost, replacement price | Price effective from | Koha item type | Lost status | Source of classification or shelving scheme | Damaged status | Not for loan | Collection | Withdrawn status | Home library | Current library | Shelving location | Date acquired | Cost, normal purchase price |
|---|---|---|---|---|---|---|---|---|---|---|---|---|---|---|---|---|---|
| 01/23/2023 | TK1005 MOM | 92004033478 | 80.00 | 01/23/2023 | BOOKS | lcc | NFIC | MAIN | MAIN | GEN | 01/23/2023 | 80.00 |